<?xml version="1.0" encoding="UTF-8"?>
<collection xmlns="http://www.loc.gov/MARC21/slim">
 <record>
  <leader>01979nam a2200325 a 4500</leader>
  <controlfield tag="001">18135</controlfield>
  <controlfield tag="003">BD-DhAAL</controlfield>
  <controlfield tag="008">100308s1987    maua     b    001 0 eng d</controlfield>
  <datafield tag="020" ind1=" " ind2=" ">
   <subfield code="a">0201163500 :</subfield>
   <subfield code="c">$40.00 (est.)</subfield>
  </datafield>
  <datafield tag="040" ind1=" " ind2=" ">
   <subfield code="a">DLC</subfield>
   <subfield code="c">DLC</subfield>
   <subfield code="d">DLC</subfield>
   <subfield code="d">BD-DhAAL</subfield>
  </datafield>
  <datafield tag="082" ind1="0" ind2="0">
   <subfield code="a">621.38043</subfield>
   <subfield code="2">19</subfield>
  </datafield>
  <datafield tag="100" ind1="1" ind2=" ">
   <subfield code="a">Roberts, Richard A.,</subfield>
   <subfield code="d">1935-</subfield>
   <subfield code="9">57583</subfield>
  </datafield>
  <datafield tag="245" ind1="1" ind2="0">
   <subfield code="a">Digital signal processing /</subfield>
   <subfield code="c">Richard A. Roberts, Clifford T. Mullis.</subfield>
  </datafield>
  <datafield tag="260" ind1=" " ind2=" ">
   <subfield code="a">Reading, Mass. :</subfield>
   <subfield code="b">Addison-Wesley,</subfield>
   <subfield code="c">c1987.</subfield>
  </datafield>
  <datafield tag="300" ind1=" " ind2=" ">
   <subfield code="a">xiv, 578 p. :</subfield>
   <subfield code="b">ill. ;</subfield>
   <subfield code="c">24 cm.</subfield>
  </datafield>
  <datafield tag="490" ind1="0" ind2=" ">
   <subfield code="a">Addison-Wesley series in electrical engineering</subfield>
  </datafield>
  <datafield tag="504" ind1=" " ind2=" ">
   <subfield code="a">Includes bibliographical references (pages 559-565) and index.</subfield>
  </datafield>
  <datafield tag="504" ind1=" " ind2=" ">
   <subfield code="a">&quot;Suggested readings:&quot; p. 567-570.</subfield>
  </datafield>
  <datafield tag="526" ind1=" " ind2=" ">
   <subfield code="a">MNS</subfield>
   <subfield code="x">Mahabobe Shobahani
Faculty Member of BRAC University

Course name : Digital Signal Processing (ECE 328)</subfield>
  </datafield>
  <datafield tag="541" ind1="1" ind2=" ">
   <subfield code="e">18135, 19859</subfield>
   <subfield code="a">D. S. Books International

</subfield>
  </datafield>
  <datafield tag="650" ind1=" " ind2="0">
   <subfield code="a">Signal processing</subfield>
   <subfield code="x">Digital techniques.</subfield>
  </datafield>
  <datafield tag="700" ind1="1" ind2=" ">
   <subfield code="a">Mullis, Clifford T.,</subfield>
   <subfield code="d">1943-</subfield>
   <subfield code="9">57584</subfield>
  </datafield>
  <datafield tag="830" ind1=" " ind2=" ">
   <subfield code="a">Addison-Wesley series in electrical engineering</subfield>
   <subfield code="9">57585</subfield>
  </datafield>
  <datafield tag="852" ind1="4" ind2=" ">
   <subfield code="a">Ayesha Abed Library</subfield>
   <subfield code="c">General Stacks</subfield>
  </datafield>
  <datafield tag="942" ind1=" " ind2=" ">
   <subfield code="2">ddc</subfield>
   <subfield code="c">BK</subfield>
  </datafield>
  <datafield tag="999" ind1=" " ind2=" ">
   <subfield code="c">7721</subfield>
   <subfield code="d">7721</subfield>
  </datafield>
  <datafield tag="952" ind1=" " ind2=" ">
   <subfield code="0">0</subfield>
   <subfield code="1">0</subfield>
   <subfield code="2">ddc</subfield>
   <subfield code="4">0</subfield>
   <subfield code="6">621_380430000000000_ROB_1987</subfield>
   <subfield code="7">0</subfield>
   <subfield code="9">8480</subfield>
   <subfield code="a">BRACUL</subfield>
   <subfield code="b">BRACUL</subfield>
   <subfield code="c">GEN</subfield>
   <subfield code="d">2010-03-08</subfield>
   <subfield code="l">1</subfield>
   <subfield code="m">18</subfield>
   <subfield code="o">621.38043 ROB</subfield>
   <subfield code="p">3010019859</subfield>
   <subfield code="r">2016-04-07</subfield>
   <subfield code="s">2015-12-15</subfield>
   <subfield code="t">1</subfield>
   <subfield code="w">2010-03-08</subfield>
   <subfield code="y">BK</subfield>
  </datafield>
  <datafield tag="952" ind1=" " ind2=" ">
   <subfield code="0">0</subfield>
   <subfield code="1">0</subfield>
   <subfield code="2">ddc</subfield>
   <subfield code="4">0</subfield>
   <subfield code="6">621_380430000000000_ROB_1987</subfield>
   <subfield code="7">0</subfield>
   <subfield code="9">10715</subfield>
   <subfield code="a">BRACUL</subfield>
   <subfield code="b">BRACUL</subfield>
   <subfield code="c">GEN</subfield>
   <subfield code="d">2010-06-07</subfield>
   <subfield code="l">3</subfield>
   <subfield code="m">21</subfield>
   <subfield code="o">621.38043 ROB</subfield>
   <subfield code="p">3010018621</subfield>
   <subfield code="r">2026-01-13</subfield>
   <subfield code="s">2025-10-27</subfield>
   <subfield code="t">3</subfield>
   <subfield code="w">2010-06-07</subfield>
   <subfield code="y">BK</subfield>
  </datafield>
  <datafield tag="952" ind1=" " ind2=" ">
   <subfield code="0">0</subfield>
   <subfield code="1">4</subfield>
   <subfield code="2">ddc</subfield>
   <subfield code="4">0</subfield>
   <subfield code="6">621_380430000000000_ROB</subfield>
   <subfield code="7">0</subfield>
   <subfield code="9">10725</subfield>
   <subfield code="a">BRACUL</subfield>
   <subfield code="b">BRACUL</subfield>
   <subfield code="c">GEN</subfield>
   <subfield code="d">2010-06-08</subfield>
   <subfield code="e">D. S. Books International</subfield>
   <subfield code="l">0</subfield>
   <subfield code="o">621.38043 ROB</subfield>
   <subfield code="p">3010018135</subfield>
   <subfield code="r">2010-06-08</subfield>
   <subfield code="t">4</subfield>
   <subfield code="w">2010-06-08</subfield>
   <subfield code="y">BK</subfield>
   <subfield code="x">Koha Inventory 2020 ; Requisitioned by Mahabobe Shobahani for the course named- &quot;Digital Signal Processing (ECE 328) ; USD 98.00</subfield>
  </datafield>
  <datafield tag="952" ind1=" " ind2=" ">
   <subfield code="0">0</subfield>
   <subfield code="1">0</subfield>
   <subfield code="2">ddc</subfield>
   <subfield code="4">0</subfield>
   <subfield code="6">621_380430000000000_ROB_1987</subfield>
   <subfield code="7">0</subfield>
   <subfield code="9">18108</subfield>
   <subfield code="a">BRACUL</subfield>
   <subfield code="b">BRACUL</subfield>
   <subfield code="c">GEN</subfield>
   <subfield code="d">2011-09-19</subfield>
   <subfield code="l">1</subfield>
   <subfield code="m">17</subfield>
   <subfield code="o">621.38043 ROB</subfield>
   <subfield code="p">3010019860</subfield>
   <subfield code="r">2025-03-06</subfield>
   <subfield code="s">2024-10-31</subfield>
   <subfield code="t">2</subfield>
   <subfield code="w">2011-09-19</subfield>
   <subfield code="y">BK</subfield>
  </datafield>
 </record>
</collection>
